| Tag |
First Indicator |
Second Indicator |
Subfields |
| LEADER |
00000cam a2200000 a 4500 |
| 001 |
in00001300021 |
| 005 |
20151005051346.0 |
| 008 |
960223s1996 njua b 001 0 eng |
| 010 |
|
|
|a 96010825
|
| 020 |
|
|
|a 0813523281 (acid-free paper)
|
| 020 |
|
|
|a 081352329X (pbk. : acid-free paper)
|
| 035 |
|
|
|a (OCoLC)34357478
|
| 035 |
|
|
|9 AHA6829AM
|
| 040 |
|
|
|a DLC
|c DLC
|d TXA
|d UtOrBLW
|
| 049 |
|
|
|a TXAM
|
| 050 |
0 |
0 |
|a HC79.C6
|b L87 1996
|
| 082 |
0 |
0 |
|a 306.3
|2 20
|
| 100 |
1 |
|
|a Lury, Celia.
|
| 245 |
1 |
0 |
|a Consumer culture /
|c Celia Lury.
|
| 264 |
|
1 |
|a New Brunswick, N.J. :
|b Rutgers University Press,
|c [1996]
|
| 264 |
|
4 |
|c ©1996
|
| 300 |
|
|
|a vii, 273 pages :
|b illustrations ;
|c 23 cm.
|
| 336 |
|
|
|a text
|b txt
|2 rdacontent
|
| 337 |
|
|
|a unmediated
|b n
|2 rdamedia
|
| 338 |
|
|
|a volume
|b nc
|2 rdacarrier
|
| 504 |
|
|
|a Includes bibliographical references (pages [257]-265) and index.
|
| 650 |
|
0 |
|a Consumption (Economics)
|x Social aspects.
|
| 650 |
|
0 |
|a Consumer behavior.
|
| 650 |
|
0 |
|a Culture
|x Economic aspects.
|
| 999 |
|
|
|a MARS
|
| 999 |
f |
f |
|s b978b93c-a971-387c-afec-7321fb0e9fdf
|i 8e214243-a19e-3924-8ffc-2df70375e0ee
|t 0
|
| 952 |
f |
f |
|p ric
|a Texas A&M University
|b Rellis Campus
|c Joint Library Facility
|d Remote Storage
|t 0
|e HC79.C6 L87 1996
|h Library of Congress classification
|i unmediated -- volume
|m A14820042972
|
| 998 |
f |
f |
|a HC79.C6 L87 1996
|t 0
|l Remote Storage
|